Not good if detached. (Record no. 16784)

000 -LEADER
fixed length control field 00503nam a2200169 a 4500
001 - CONTROL NUMBER
control field :::00020070$&:&@@
003 - CONTROL NUMBER IDENTIFIER
control field OkBaRHE
005 - DATE AND TIME OF LATEST TRANSACTION
control field 20100331145342.0
008 - FIXED-LENGTH DATA ELEMENTS--GENERAL INFORMATION
fixed length control field s1957 j 000 0 eng u
040 ## - CATALOGING SOURCE
Transcribing agency
100 1# - MAIN ENTRY--PERSONAL NAME
Personal name ten Boom, Corrie
245 10 - TITLE STATEMENT
Title Not good if detached.
260 ## - PUBLICATION, DISTRIBUTION, ETC. (IMPRINT)
Place of publication, distribution, etc Fort Washington, PA
Name of publisher, distributor, etc Christian Literature Crusade
Date of publication, distribution, etc 1957
300 ## - PHYSICAL DESCRIPTION
Extent 143 p.
942 ## - ADDED ENTRY ELEMENTS (KOHA)
Source of classification or shelving scheme
Koha item type Books
Copies
Barcode Price effective from Koha item type Not for loan Shelving location Copy number Damaged status Lost status Withdrawn status Date acquired Full call number Permanent Location Source of classification or shelving scheme Date last seen
200702010-04-14Books General Stacks1   2010-04-14BX 8787 .B6 N6RHEMA Bible Training College 2010-04-14